Soy un bombero (Record no. 18916)

MARC details
000 -LEADER
fixed length control field 00717nam a22002297a 4500
001 - CONTROL NUMBER
control field sjds1701865
003 - CONTROL NUMBER IDENTIFIER
control field sjds
005 - DATE AND TIME OF LATEST TRANSACTION
control field 20171012140326.0
008 - FIXED-LENGTH DATA ELEMENTS--GENERAL INFORMATION
fixed length control field 171012b nyu||||| |||| 00| 0 spa d
020 ## - INTERNATIONAL STANDARD BOOK NUMBER
International Standard Book Number 9789706750242 (pbk.)
020 ## - INTERNATIONAL STANDARD BOOK NUMBER
International Standard Book Number 970675024X (pbk.)
040 ## - CATALOGING SOURCE
Transcribing agency sjds
041 ## - LANGUAGE CODE
Language code of text/sound track or separate title spa
Language code of original eng
100 ## - MAIN ENTRY--PERSONAL NAME
Personal name Packard, Mary
245 ## - TITLE STATEMENT
Title Soy un bombero
Statement of responsibility, etc. por Mary Packard ; ilustrado por Julie Durrell ; traducido por Rosana Villegas.
260 ## - PUBLICATION, DISTRIBUTION, ETC. (IMPRINT)
Place of publication, distribution, etc. Nueva York :
Name of publisher, distributor, etc. Scholastic, 2000
Date of publication, distribution, etc. Scholastic, 2000
300 ## - PHYSICAL DESCRIPTION
Extent 1 volume (unpaged) :
Other physical details color illustrations ;
Dimensions 23 cm.
440 ## - SERIES STATEMENT/ADDED ENTRY--TITLE
Title Hello reader!,
Name of part/section of a work Level 1.
521 ## - TARGET AUDIENCE NOTE
Target audience note Preschool-grade 1.; 003-006.
740 ## - ADDED ENTRY--UNCONTROLLED RELATED/ANALYTICAL TITLE
Uncontrolled related/analytical title I'm a fire fighter.
942 ## - ADDED ENTRY ELEMENTS (KOHA)
Koha item type Libro/Book
Holdings
Withdrawn status Lost status Damaged status Not for loan Home library Current library Date acquired Total Checkouts Barcode Date last seen Price effective from Koha item type
        Zaragoza -- Satellite Zaragoza -- Satellite 12/10/2017   35501587 12/10/2017 12/10/2017 Libro/Book

Powered by Koha